| 000 | 00464nam a2200169Ia 4500 | ||
|---|---|---|---|
| 008 | 230718s9999 xx 000 0 und d | ||
| 041 | _aeng | ||
| 082 |
_a660.281 _bMAH |
||
| 100 |
_aMahajani V.V. _9169841 |
||
| 245 | _aJoshi's Process Equipment Design | ||
| 250 | _a4th ed. | ||
| 260 |
_c2009 _bMacmillan |
||
| 300 | _a528 | ||
| 365 |
_cRs. _b395.00 |
||
| 700 |
_aMahajani V.V. & Umarji S.B. _9190670 |
||
| 906 |
_dO:0019703-Aug-2009B:216921-Jul-2009 _cMECH _b79 |
||
| 999 |
_c322057 _d322057 |
||